The diary of a nobody / (Record no. 151755)

MARC details
000 -LEADER
fixed length control field 00599nam a22002057a 4500
005 - DATE AND TIME OF LATEST TRANSACTION
control field 20180425155333.0
010 ## - LCCN (DPL NO)
LC control number ENG-122664
020 ## - INTERNATIONAL STANDARD BOOK NUMBER
International Standard Book Number 9789386582492
Terms of availability 250.00
035 ## - SYSTEM CONTROL NUMBER
System control number EN-106196
037 ## - SOURCE OF ACQUISITION
Source of stock number/acquisition DBAD/PUB
082 ## - DEWEY DECIMAL CLASSIFICATION NUMBER
Classification number N
100 ## - MAIN ENTRY--PERSONAL NAME
Personal name Grossmith, George and Weedon
245 ## - TITLE STATEMENT
Title The diary of a nobody /
Statement of responsibility, etc by George and Weedon Grossmith
260 ## - PUBLICATION, DISTRIBUTION, ETC. (IMPRINT)
Place of publication, distribution, etc New Delhi
Name of publisher, distributor, etc Speaking Tiger Publications
Date of publication, distribution, etc 2017
270 ## - ADDRESS
Address 4381/4, Ansari Road, Daryaganj,
City New Delhi
Postal code 110002
300 ## - PHYSICAL DESCRIPTION
Extent 184p.
Dimensions 22cm(pbk)
Other physical details ill.
650 ## - SUBJECT ADDED ENTRY--TOPICAL TERM
Topical term or geographic name as entry element Fiction
700 ## - ADDED ENTRY--PERSONAL NAME
Personal name Grossmith, Weedon
942 ## - ADDED ENTRY ELEMENTS (KOHA)
Source of classification or shelving scheme Dewey Decimal Classification
Item type English Books
Call number suffix GRO
Classification part N
Holdings
Withdrawn status Lost status Not for loan Collection code Home library Current library Date acquired Source of acquisition Cost, normal purchase price Full call number Barcode Copy number Cost, replacement price Koha item type
      Fiction Shahdara Branch Shahdara Branch 25/04/2018 DBAD/PUB 250.00 N GRO EN-106196 1 250.00 English Books

© Delhi Public Library
Hit Counter
free hit counter